000 01244nam0a2200301 4500
001 RU\NLR\BIBL_A\022765069
005 20260409003615.0
010 _a978-5-6050243-1-6
_9300
035 _a(NLR Aleph) 022765069
090 _a13650505
_c13650505
100 _a20260325d2024 u y0rusy50 ca
101 0 _arus
102 _aRU
105 _aa z 000yy
181 0 _ai
_baxxe
182 0 _an
200 1 _aБронетехника иностранного производства в Красной армии 1941-1945 гг.
_fМишутин С. В.
203 _aТекст
_bвизуальный
_cнепосредственный
210 _aМосква
_cКТК "Галактика"
_d2024
215 _a148, [1] с.
_cил.
_d21
606 1 _aБронетанковая техника иностранная
_xПоставки в СССР
_z1941 - 1945
_92565697
_3RU\NLR\auth\661517465
606 1 _aВеликая Отечественная война
_xТанковые операции
_z1941 - 1945
_92086662
_3RU\NLR\auth\661262806
686 1 _aЦ35(2)722-53
700 1 _aМишутин
_bС. В.
_gСергей Владимирович
942 _cBOOK
980 _aNB